<?xml version="1.0" encoding="UTF-8"?>
<record
    xmlns:xsi="http://www.w3.org/2001/XMLSchema-instance"
    xsi:schemaLocation="http://www.loc.gov/MARC21/slim http://www.loc.gov/standards/marcxml/schema/MARC21slim.xsd"
    xmlns="http://www.loc.gov/MARC21/slim">

  <leader>01865cam a22002533a 4500</leader>
  <controlfield tag="001">3138</controlfield>
  <controlfield tag="003">PGUSA</controlfield>
  <controlfield tag="005">20140828083026.0</controlfield>
  <controlfield tag="008">020301s2002||||xxu|||||s|||||000 p eng d</controlfield>
  <datafield tag="040" ind1=" " ind2=" ">
    <subfield code="a">PGUSA</subfield>
    <subfield code="b">eng</subfield>
  </datafield>
  <datafield tag="042" ind1=" " ind2=" ">
    <subfield code="a">dc</subfield>
  </datafield>
  <datafield tag="050" ind1=" " ind2="4">
    <subfield code="a">PR</subfield>
  </datafield>
  <datafield tag="100" ind1="1" ind2=" ">
    <subfield code="a">Lang, Andrew,</subfield>
    <subfield code="d">1844-1912</subfield>
  </datafield>
  <datafield tag="245" ind1="1" ind2="0">
    <subfield code="a">Ballades in Blue China, and Verses and Translations</subfield>
    <subfield code="h">[electronic resource] /</subfield>
    <subfield code="c">Andrew Lang</subfield>
  </datafield>
  <datafield tag="260" ind1=" " ind2=" ">
    <subfield code="b">Project Gutenberg,</subfield>
    <subfield code="c">2002</subfield>
  </datafield>
  <datafield tag="505" ind1="0" ind2=" ">
    <subfield code="a">Ballade of Theocritus -- Ballade of Cleopatra's needle -- Ballade of roulette -- Ballade of sleep -- Ballade of the midnight forest -- Ballade of the Tweed -- Ballade of the book-hunter -- Ballade of the voyage to Cythera -- Ballade of the summer term -- Ballade of the muse -- Ballade against the Jesuits -- Ballade of dead cities -- Ballade of the royal game of golf -- Double ballade of primitive man -- Ballade of autumn -- Ballade of true wisdom -- Ballade of worldly wealth -- Ballade of life -- Ballade of blue china -- Ballade of dead ladies -- Villon's ballade of good counsel -- Ballade of the bookworm -- Valentine in form of ballade -- Ballade of old plays -- Ballade of his books -- Ballade of the dream -- Ballade of the Southern Cross -- Ballade of Aucassin -- Ballade amoureuse -- Ballade of Queen Anne -- Ballade of blind love -- Ballade of his choice of a sepulchre -- Dizain -- A portrait of 1783 -- The moon's minion -- In Ithaca -- Homer -- The burial of Moliere -- Bion -- Spring -- Before the snow -- Villanelle -- Natural theology -- The Odyssey -- Ideal -- The fairy's gift -- Benedetta Ramus -- Partant pour la Scribie -- St. Andrew's Bay -- Woman and the weed.</subfield>
  </datafield>
  <datafield tag="506" ind1=" " ind2=" ">
    <subfield code="a">Public domain in the USA.</subfield>
  </datafield>
  <datafield tag="516" ind1=" " ind2=" ">
    <subfield code="a">Electronic text</subfield>
  </datafield>
  <datafield tag="653" ind1=" " ind2=" ">
    <subfield code="a">Poetry</subfield>
  </datafield>
  <datafield tag="653" ind1=" " ind2=" ">
    <subfield code="a">Ballades</subfield>
  </datafield>
  <datafield tag="830" ind1=" " ind2="0">
    <subfield code="a">Project Gutenberg</subfield>
    <subfield code="v">3138</subfield>
  </datafield>
  <datafield tag="856" ind1="4" ind2="0">
    <subfield code="u">http://www.gutenberg.org/ebooks/3138</subfield>
  </datafield>
  <datafield tag="942" ind1=" " ind2=" ">
    <subfield code="c">EB</subfield>
  </datafield>
  <datafield tag="999" ind1=" " ind2=" ">
    <subfield code="c">232467</subfield>
    <subfield code="d">232467</subfield>
  </datafield>
  <datafield tag="952" ind1=" " ind2=" ">
    <subfield code="0">0</subfield>
    <subfield code="1">0</subfield>
    <subfield code="4">0</subfield>
    <subfield code="a">GTB</subfield>
    <subfield code="b">GTB</subfield>
    <subfield code="d">2014-08-28</subfield>
    <subfield code="l">0</subfield>
    <subfield code="r">2014-08-28 00:00:00</subfield>
    <subfield code="w">2014-08-28</subfield>
    <subfield code="y">EB</subfield>
  </datafield>
</record>
